| 000 | 00415nam a22001337a 4500 | ||
|---|---|---|---|
| 040 | _cNUST | ||
| 082 | _a200 THE | ||
| 100 |
_aAnila Umar _984066 |
||
| 110 |
_aSupervisor Dr. Usman Qamar _984067 |
||
| 245 | _aTH-SOF-1905-Detection and Diagnosis of Psychological Disorders through Decision Rule Set Formation | ||
| 260 |
_aISLAMABAD: _bNUST COLLEGE OF EME, _c2021. |
||
| 650 |
_aMS-CSE-17 _984068 |
||
| 942 |
_2ddc _cTHE |
||
| 999 |
_c586730 _d586730 |
||